Logo BPK

Bibliografia Prac Pracowników

Politechniki Koszalińskiej

Możliwości badań i kryteria oceny jednorodności mieszania w przepływie laminarnym = (Rekord nr 6281)

Szczegóły MARC
000 -ETYKIETA REKORDU
podpole kontrolne o stałej długości 01255nab a2200229 i 4500
001 - NUMER KONTROLNY REKORDU
podpole kontrolne BPP
003 - IDENTYFIKATOR NUMERU KONTROLNEGO REKORDU
podpole kontrolne BPK
005 - DATA OSTATNIEJ MODYFIKACJI REKORDU
podpole kontrolne 20180124124012.0
008 - POLE O STAŁEJ DŁUGOŚCI - DANE KONTROLNE
podpole kontrolne o stałej długości 140510s2000 pl f |000 0 pol
040 ## - ŹRÓDŁO KATALOGOWANIA
Instytucja, która utworzyła rekord BPK
084 ## - NUMER INNEJ KLASYFIKACJI
Numer klasyfikacji 664:621.97
100 ## - NAZWA OSOBOWA
Nazwa osobowa RADOMSKI, Grzegorz.
Lata pracy 1996 - 2006.
Instytucja Politechnika Koszalińska - Wydział Mechaniczny,
Wydział Katedra Inżynierii Spożywczej
245 ## - TYTUŁ/ODPOWIEDZIALNOŚĆ
Tytuł Możliwości badań i kryteria oceny jednorodności mieszania w przepływie laminarnym =
Ciąg dalszy tytułu Research goals and criteria of homogenity in the laminar flow /
Pozostałe elementy strefy tytułu i oznaczenia odpowiedzialności Grzegorz Radomski.
260 ## - STREFA ADRESU WYDAWNICZEGO
Data publikacji, dystrybucji/powstania dokumentu 2000.
500 ## - UWAGI OGÓLNE
Tekst uwagi Dane z autopsji.
520 ## - UWAGA DOTYCZĄCA TREŚCI DOKUMENTU
Analiza dokumentacyjna, adnotacja itp. W pracy przedstawiono proces mieszania w wytłaczarkach ślimakowych stosowanych w przetwórstwie tworzyw sztucznych i przetwórstwie spożywczym. Omówiono możliwości i cele badań oraz kryteria oceny jednorodności mieszania w przepływie laminarnym w odniesieniu do wytłaczarek ślimakowych stosowanych w przemyśle spożywczym.
650 #0 - HASŁO PRZEDMIOTOWE W FORMIE NAZWY OGÓLNEJ LUB JEDNOSTKOWEJ
Nazwa ogólna lub geograficzna Przemysł rolno-spożywczy.
650 #0 - HASŁO PRZEDMIOTOWE W FORMIE NAZWY OGÓLNEJ LUB JEDNOSTKOWEJ
Nazwa ogólna lub geograficzna Tworzywa sztuczne.
773 ## - TYTUŁ DOKUMENTU MACIERZYSTEGO
Wyrażenie wprowadzające W :
Tytuł Zeszyty Naukowe Politechniki Opolskiej : Mechanika. -
Informacje dotyczące relacji 2000, z. 60, nr 254, s. 299-304
711 ## - HASŁO DODATKOWE - NAZWA IMPREZY
Nazwa imprezy BEMS'2000
Oznaczenie części/sekcji dzieła (9 ;
Data imprezy 2000 ;
Miejsce imprezy Opole - Pokrzywna, Polska).
Nazwa części/sekcji dzieła BEMS'2000
942 ## - HASŁO DODATKOWE - ELEMENTY(KOHA)
Typ dokumentu Artykuł
Schemat klasyfikacji Uniwersalna klasyfikacja dziesiętna
Egzemplarze
Wycofany Zagubiony Uszkodzony Dostępność Lokalizacja stała Lokalizacja bieżąca Sygnatura Typ dokumentu
      Dostępny Bibliografia Prac Pracowników - BPK Bibliografia Prac Pracowników - BPK 090 Artykuł
© 2014 Biblioteka Politechniki Koszalińskiej :: BIBLIOGRAFIA PRAC PRACOWNIKÓW